Statistics for The Clues are in German - Geography

Click here to take the quiz!

General Stats

  • This quiz has been taken 71 times
  • The average score is 11 of 17

Answer Stats

HintAnswer% Correct
In welcher Stadt findet man die Fußballklubs Arsenal und Tottenham?London
86%
Welches Land nördlich von Kolumbien ist für seinen Kanal bekannt?Panama
81%
In welcher Stadt findet man den Zuckerhut, eine Christusstatue und das Maracanã-Stadion?Rio de Janeiro
80%
In welchem Land ist Bengalisch alleinige Amtssprache?Bangladesch
77%
Wie heißt die Hauptstadt von Georgia?Atlanta
73%
Wie heißt der größte Wasserfall des Staates New York?Niagara
73%
Zu welchem afrikanischen Land gehört das Kap der Guten Hoffnung?Südafrika
72%
Auf welcher Insel befinden sich die Dominikanische Republik und Haiti?Hispaniola
70%
Welche der Sieben Weltwunder gehör(t)en zu Ägypten?Cheops-Pyramide
69%
Welche Straße liegt zwischen Afrika und Europa und verbindet Mitttelmeer und Atlantik?Gibraltar
67%
Früherer Name von Ho-Chi-Minh-StadtSaigon
67%
Welcher ist nach dem Mount Everest der zweithöchste Berg der Welt?K2
66%
Was ist eine Frucht, ein flugunfähiger Vogel oder der Spitzname für Neuseeländer?Kiwi
66%
Welche Linie verbindet Kolumbien, Kenia und Indonesien?der Äquator
64%
In welchem Land findet man das Ruhrgebiet?Deutschland
63%
Welcher New Yorker Bezirk ist nach dem niederländischen Dorf Breukelen benannt und war bis 1898 eine eigenständige Stadt?Brooklyn
41%
Leuchtturm von Alexandria
33%

Score Distribution

Percentile by Number Answered

Percent of People with Each Score

Your Score History

You have not taken this quiz